000 00705aam a2200265 4500
005 20260421160756.0
008 150721b1987 xxu||||| |||| 00| 0 spa d
020 _a8477740445
041 _aESP
082 _a370 D836c
100 _aDuckworth, Eleanor
_915024
245 _aCómo tener ideas maravillosas: y otros ensayos sobre como enseñar y aprender
260 _aEspaña
260 _bVisor Distribuciones
260 _c1987
300 _a149 páginas
490 _aTemática General
650 _aEDUCACIÓN
650 _aENSEÑANZA
650 _aPERSPECTIVAS DEL CURRICULO
650 _aCONOCIMIENTO
650 _aAPRENDIZAJE AMPLIO
650 _aINVESTIGACIÓN
942 _cBK
_2ddc
999 _c155
_d155